00638nmm a2200181Ia 4500008004100000020001800041041000800059100002800067245011100095264006600206300001800272650003600290700002800326700002700354856005100381942000700432999001700439251105s9999||||xx |||||||||||||||||und|| a9788497889896 aspa aEspino Narváez, Cinta 0aLas radios universitarias, más allá de la radio. Las TIC como recursos de interacción radiofónica. a[Madrid, España] :bUniversitat Oberta de Catalunya, c2012 a298 páginas aMedia Studies (Journ., TV, etc) aEspino Narváez, Cinta1 a Martín Pena, Daniel uhttps://public.digitaliapublishing.com/a/20366 cCF c65142d65142